| 000 | 00584nam a2200205Ia 4500 | ||
|---|---|---|---|
| 005 | 20250923145359.0 | ||
| 008 | 008 250917s9999 xx 000 0 eng d | ||
| 037 | _aTextual | ||
| 040 |
_aDSWL _beng _cDSWL |
||
| 041 |
_aeng _2eng |
||
| 084 |
_aY31:7:7.2'N5, N61;3 _qDSWL |
||
| 100 |
_aNair, Kusum _9834694 |
||
| 245 | 0 |
_aBlossoms in the dast _c by Kusum Nair |
|
| 260 |
_aNew York _b Fredrick A. Prolger _c1962 |
||
| 300 | _axxv,206 p. | ||
| 365 |
_aUSD _b1 . 95 |
||
| 925 | _g1 . 95 | ||
| 942 |
_cTEXL _hY31:7:7.2'N5, N61;3 |
||
| 999 |
_c1450679 _d1450679 |
||